banner-ar

ASSESSMENT AND PRESENTATION OF FAILURE PHENOMENA IN ROCK ENGINEERING / (Record no. 17145)

MARC details
000 -الفاتح
حقل البيانات ثابتة الطول 00536nam a2200181Ia 4500
008 - عناصر البيانات ثابتة الطول - معلومات عامة
حقل البيانات ثابتة الطول 140319s9999 xx 000 0 eng d
040 ## - مصدر الفهرسة
وكالة الفهرسة الأصلية GCL /
وكالة النسخ GCL
082 04 - رقم تصنيف ديوى العشرى
رقم التصنيف 622.28
رقم المادة P A
100 1# - المدخل الرئيسى - إسم شخصى
الإسم الشخصى PASAMEHMETOGLU, A. G
245 10 - بيان العنوان
العنوان ASSESSMENT AND PRESENTATION OF FAILURE PHENOMENA IN ROCK ENGINEERING /
بيان المسئوليه,etc PASAMEHMETOGLU, A. G
260 ## - PUBLICATION, DISTRIBUTION, ETC. (IMPRINT)
تاريخ النشر أو التوزيع 1993
300 ## - الوصف المادى
التعداد 980 P
650 04 - المدخل الاضافى بالموضوع-مصطلح موضوعى
مصطلح موضوعي التحليل الرياضى
650 04 - المدخل الاضافى بالموضوع-مصطلح موضوعى
مصطلح موضوعي MECHANICS
650 04 - المدخل الاضافى بالموضوع-مصطلح موضوعى
مصطلح موضوعي ROCK ENGINEERING
942 ## - عناصر المدخل الإضافي( كوها)
مصدر التصنيف او مخطط الترفيف Dewey Decimal Classification
Koha [default] item type كتاب
260 ## - PUBLICATION, DISTRIBUTION, ETC. (IMPRINT)
-- [S.N] :
-- A.A.BALKEMA,ROTTERDAM ،
Holdings
حالة التراجع حالة الفقد حالة تلف ليس للاعارة المكان المؤقت الموقع الحالى تاريخ الاكتساب اجمالي اﻻعارات رقم الطلب الباركود تاريخ اخر مشاهدة تاريخ تفعيل السعر نوع وعاء كوها
        مكتبة القاهرة الكبرى مكتبة القاهرة الكبرى 03/26/2014   622.28\P A 30918 03/26/2014 03/26/2014 كتاب

Powered By

EGPV